| 000 | 00546nam a2200181Ia 4500 | ||
|---|---|---|---|
| 003 | GCL | ||
| 008 | 140319s9999 xx 000 0 ara d | ||
| 040 |
_aGCL / _cGCL |
||
| 082 | 0 | 4 |
_aط _b214 _bو ك |
| 100 | 1 | _aوحدة ثقافة الطفل بشركة سفير | |
| 245 | 1 | 0 |
_aكتاب المسلم الصغير / _cوحدة ثقافة الطفل بشركة سفير |
| 260 |
_a[S.N] : _bشركة سفير ، _c1988 |
||
| 300 | _a32 ص | ||
| 490 |
_aسفير _v0 |
||
| 650 | 0 | 4 | _aالاسلام |
| 650 | 0 | 4 | _aالاطفال |
| 942 |
_2ddc _cBK |
||
| 999 |
_c57663 _d57663 |
||